[Event "1/32 Finale"]
[Site "www.chess-mail.com"]
[Date "2019.03.11"]
[Round "1"]
[White "Reignblowcan"]
[Black "Piriot"]
[WhiteElo "2560"]
[BlackElo "2260"]
[Result "1-0"]
[Round "1"]
1.c4 e5
2.Nb1c3 Ng8f6
3.g3 Nb8c6
4.Ng1f3 d5
5.cxd5 Nf6xd5
6.Bf1g2 Nd5f6
7.d3 Bf8b4
8.a3 Bb4e7
9.O-O O-O
10.b4  { time }
1-0

[Event "Tourn. n10067"]
[Site "www.echecsemail.com"]
[Date "2019.03.12"]
[Round "1"]
[White "Amaya"]
[Black "Bojan"]
[WhiteElo "2090"]
[BlackElo "1920"]
[Result "0-1"]
[Round "1"]
1.d4 e6
2.e3 b6
3.f4 Ng8f6
4.Bf1d3 Bc8b7
5.Ng1f3 Nf6e4
6.Nb1d2 Ne4xd2
7.Bc1xd2 d6
8.c3 Nb8d7
9.O-O Nd7f6
10.a3 Nf6e4
11.Qd1e1 Qd8f6
12.Bd2c1 h6
13.Bc1d2 Ra8d8
14.c4 c5
15.Bd2c1 Bf8e7
16.h3 g6
17.d5 exd5
18.cxd5 Bb7xd5
19.Bd3b5 Kf8
20.Bb5d3 Qf6g7
21.Bc1d2 Qg7xb2
22.Bd3xe4 Bd5xe4
23.Bd2c3 Qb2b5
24.Bc3xh8 f6
25.Qe1h4 Kf7
26.Qh4xh6 Ke6
27.Qh6xg6 Be4xg6
28.Nf3h4 Bg6d3
29.f5 Kd7
30.Rf1e1 Rd8xh8
31.Nh4g6 Rh8g8
32.g4 Rg8xg6
33.fxg6 Bd3xg6
34.a4 Qb5c6
35.a5 f5
36.axb6 axb6
37.Ra1a7 Ke6
38.gxf5 Bg6xf5
39.e4 Bf5xh3
40.Re1e2 c4
41.Re2h2 Qc6c5
42.Kh1 b5
43.Ra7a6 Bh3g4
44.Rh2h6 Ke5
45.Rh6h7 d5
{ resign }
0-1

[Event "Tourn. n10059"]
[Site "www.echecsemail.com"]
[Date "2019.03.12"]
[Round "1"]
[White "Bojan"]
[Black "Picifarkinca"]
[WhiteElo "2020"]
[BlackElo "2050"]
[Result "0-1"]
[Round "1"]
1.e4 e5
2.Ng1f3 Nb8c6
3.Bf1b5 a6
4.Bb5c4 Bf8c5
5.a3 Ng8f6
6.Qd1e2 d6
7.h3 O-O
8.d3 h6
9.Nb1c3 Nc6d4
10.Nf3xd4 Bc5xd4
11.Nc3d5 c6
12.Nd5xf6 Qd8xf6
13.Bc1e3 Bd4xb2
14.Ra1a2 Bb2c3
15.Kd1 Bc8e6
16.Bc4b3 b5
17.Be3d2 Bc3d4
18.Rh1f1 Be6xb3
19.cxb3 Qf6e6
20.Kc2 c5
21.Bd2e3 Rf8c8
22.Rf1b1 c4
23.dxc4 bxc4
24.b4 c3
25.Rb1a1 Qe6c4
26.Qe2d3 Qc4c6
27.Be3xd4 exd4
28.Qd3xd4 Qc6a4
29.Kd3 d5
30.exd5 Qa4b5
31.Kc2 Rc8c4
32.Qd4e5 Ra8e8
33.Qe5h5 Qb5a4
34.Kd3 Qa4b3
35.Ra2c2 Re8e4
{ resign }
0-1

[Event "Tourn. n9998"]
[Site "www.echecsemail.com"]
[Date "2019.03.12"]
[Round "1"]
[White "Tonino1"]
[Black "Bevittsmith"]
[WhiteElo "2240"]
[BlackElo "2200"]
[Result "0-1"]
[Round "1"]
1.d4 Ng8f6
2.Ng1f3 g6
3.e3 d5
4.Bf1d3 Bf8g7
5.O-O O-O
6.Nb1d2 Nb8d7
7.c3 c5
8.Qd1e2 c4
9.Bd3c2 b5
10.a3 Nd7b6
11.e4 dxe4
12.Nd2xe4 Bc8b7
13.Ne4c5 Bb7d5
14.Bc1f4 Nb6d7
15.Nc5xd7 Nf6xd7
16.Ra1e1 Rf8e8
17.Nf3e5 a5
18.f3 Ra8a7
19.Bc2e4 Nd7xe5
20.dxe5 e6
21.Re1d1 Ra7d7
22.Rd1d2 Bd5xe4
23.Rd2xd7 Qd8xd7
24.Qe2xe4 Re8d8
25.Qe4e2 Qd7d3
26.Qe2xd3 Rd8xd3
27.Kf2 Bg7f8
28.Ke2 b4
29.axb4 axb4
30.Rf1a1 bxc3
31.Ra1a8 Kg7
32.bxc3 Rd3xc3
33.Bf4g5 Bf8b4
34.Bg5f6 Kh6
35.g4 Rc3c2
36.Ke3 Bb4d2
37.Ke4 Bd2g5
38.Bf6h8 Rc2xh2
39.Ra8g8 Rh2e2
40.Kd4 Bg5e3
41.Kxc4 Kg5
42.Bh8f6 Kf4
43.Rg8f8 Kxf3
44.Rf8xf7 Re2h2
45.Bf6g5 Ke4
46.Bg5f6 Kf4
47.g5 Kf5
48.Bf6d8 Ke4
49.Bd8f6 Be3f4
50.Rf7e7 Kf5
51.Re7f7 Bf4xe5
52.Bf6d8 Ke4
53.Rf7e7 Kf5
54.Kd3 Rh2h3
55.Ke2 Be5f4
56.Re7f7 Kg4
57.Rf7a7 e5
58.Ra7a4 Kf5
59.Ra4a5 Rh3h5
60.Bd8f6 h6
61.Bf6g7 hxg5
62.Kf2 g4
63.Kg2 Rh5h2
64.Kg1 g3
65.Ra5b5 Bf4e3
66.Kf1 g2
 { time }
0-1

[Event "Match"]
[Site "www.echecsemail.com"]
[Date "2019.03.12"]
[Round "1"]
[White "Tbsundar"]
[Black "Chapi"]
[WhiteElo "2080"]
[BlackElo "2060"]
[Result "0-1"]
[Round "1"]
1.d4 d5
2.c4 c6
3.e3 Bc8f5
4.Ng1f3 Ng8f6
5.Nb1d2 e6
6.Qd1b3 b6
7.Nf3e5 Bf8d6
8.f4 Nf6e4
9.Nd2f3 f6
10.Ne5d3 g5
11.fxg5 fxg5
12.cxd5 exd5
13.Nd3e5 Qd8c7
14.Bf1e2 Nb8d7
15.O-O O-O
16.Ne5xd7 Qc7xd7
17.Nf3e5 Qd7c7
18.Ne5f3 g4
19.Nf3e5 Bd6xe5
20.dxe5 Qc7xe5
21.Qb3a4 g3
22.Be2f3 gxh2
 { time }
0-1

[Event "Tourn. n10051"]
[Site "www.echecsemail.com"]
[Date "2019.03.12"]
[Round "1"]
[White "Cemaah"]
[Black "Szustan"]
[WhiteElo "2400"]
[BlackElo "2530"]
[Result "0-1"]
[Round "1"]
1.e4 e5
2.f4 exf4
3.Ng1f3 d5
4.exd5 Ng8f6
5.Bf1b5 c6
6.dxc6 Nb8xc6
7.d4 Bf8d6
8.O-O O-O
9.Nb1d2 Bd6c7
10.c3 Bc8f5
11.Nd2c4 Nf6d5
12.Bb5xc6 bxc6
13.Qd1a4 g5
14.Nc4e5 g4
15.Ne5xc6 Bf5d7
16.Nf3e5 Bc7xe5
17.Nc6xd8 Bd7xa4
18.dxe5 Rf8xd8
19.Bc1xf4 Nd5xf4
20.Rf1xf4 Ba4d7
{ resign }
0-1

[Event "Tourn. n10037"]
[Site "www.echecsemail.com"]
[Date "2019.03.12"]
[Round "1"]
[White "Drawlward"]
[Black "Obisporey"]
[WhiteElo "2670"]
[BlackElo "2590"]
[Result "1/2-1/2"]
[Round "1"]
1.e4 c5
2.Ng1f3 Nb8c6
3.d4 cxd4
4.Nf3xd4 Ng8f6
5.Nb1c3 e5
6.Nd4b5 d6
7.Bc1g5 a6
8.Nb5a3 b5
9.Nc3d5 Bf8e7
10.Bg5xf6 Be7xf6
11.c3 Ra8b8
12.Na3c2 Bf6g5
13.a4 bxa4
14.Nc2b4 Nc6xb4
15.cxb4 O-O
16.Ra1xa4 a5
17.b5 Bc8d7
18.Nd5c3 d5
19.exd5 e4
20.Bf1e2 e3
21.f3 Bg5h4
22.g3 Bh4f6
23.O-O Bf6xc3
24.bxc3 Bd7xb5
25.Ra4a2 Qd8b6
26.Qd1b3 Bb5xe2
27.Qb3xb6 Rb8xb6
28.Ra2xe2 Rf8e8
29.Rf1a1 Rb6b3
30.c4 Re8a8
31.Ra1e1 { draw }
1/2-1/2

[Event "Match"]
[Site "www.echecsemail.com"]
[Date "2019.03.12"]
[Round "1"]
[White "Jackbauer"]
[Black "Eeze"]
[WhiteElo "1820"]
[BlackElo "1880"]
[Result "1-0"]
[Round "1"]
1.e4 e5
2.f4 exf4
3.Ng1f3 g5
4.h3 Bf8g7
5.Bf1c4 d6
6.c3 Ng8h6
7.O-O Nb8c6
8.d4 O-O
9.Rf1e1 Nc6a5
10.Nb1d2 Na5xc4
11.Nd2xc4 b5
12.Nc4a5 f6
13.d5 Qd8d7
14.Na5c6 Bc8b7
15.Nc6a5 Bb7a6
16.b4 Nh6f7
17.Nf3d4 Nf7e5
18.Nd4e6 Rf8f7
19.Ne6d4 Bg7f8
20.Nd4f5 h6
21.Qd1h5 Rf7h7
22.Bc1b2 Qd7f7
23.Qh5e2 Ra8b8
24.Na5c6 Rb8a8
25.a4 Ne5c4
26.Qe2f2 Nc4e3
27.Nf5xe3 fxe3
28.Re1xe3 bxa4
29.Re3f3 Bf8g7
30.Ra1e1 Ba6c4
31.Nc6a5 Bc4b5
32.Re1c1 Qf7e8
33.c4 Bb5d7
34.Rc1e1 g4
35.Rf3g3 h5
36.Qf2f4 h4
37.Rg3e3 Bg7h6
38.Qf4xf6 Bh6xe3
39.Re1xe3 gxh3
40.Qf6g5 Kf8
41.Re3f3 Rh7f7
42.Qg5h6 Kg8
43.Qh6h8 
1-0

[Event "Match"]
[Site "www.echecsemail.com"]
[Date "2019.03.12"]
[Round "1"]
[White "Sonny1000"]
[Black "Logout"]
[WhiteElo "1560"]
[BlackElo "2080"]
[Result "0-1"]
[Round "1"]
1.e4 c5
2.c3 Nb8c6
3.Ng1e2 e6
4.Ne2f4 Ng8f6
5.d4 cxd4
6.cxd4 Bf8b4
7.Nb1d2 O-O
8.Nf4h5 Nf6xe4
9.Nh5xg7 Qd8g5
10.Qd1e2 Ne4xd2
11.Bc1xd2 Nc6xd4
12.Qe2e3 Nd4c2
13.Kd1 Nc2xe3
14.Ke2 Bb4xd2
15.Kxd2 Ne3xf1
16.Ke1 Qg5xg7
17.Rh1xf1 Qg7xg2
18.Ra1d1 Kh8
19.Rd1d2 b6
20.f4 Qg2e4
21.Kd1 Bc8a6
22.Rf1g1 Qe4b1

0-1

[Event "Match"]
[Site "www.echecsemail.com"]
[Date "2019.03.12"]
[Round "1"]
[White "Jovaras"]
[Black "Tbsundar"]
[WhiteElo "2140"]
[BlackElo "2110"]
[Result "0-1"]
[Round "1"]
1.e4 e5
2.Ng1f3 Nb8c6
3.Bf1b5 a6
4.Bb5a4 Ng8f6
5.O-O Bf8e7
6.Rf1e1 b5
7.Ba4b3 d6
8.c3 O-O
9.h3 Bc8b7
10.d4 Nf6d7
11.Nb1d2 Be7f6
12.Nd2f1 Qd8e7
13.Nf1g3 g6
14.Bc1h6 Rf8e8
15.d5 Nc6a5
16.Bb3c2 Nd7b6
17.Qd1d2 Na5c4
18.Qd2c1 Bf6g7
19.b3 Nc4a3
20.Bh6xg7 Na3xc2
21.Qc1h6 f6
22.Ng3h5 gxh5
23.Bg7xf6 Qe7f7
24.Nf3g5 Qf7g6
{ resign }
0-1

[Event "Tourn. n10073"]
[Site "www.echecsemail.com"]
[Date "2019.03.12"]
[Round "1"]
[White "Mitja"]
[Black "Coolant"]
[WhiteElo "2020"]
[BlackElo "2280"]
[Result "0-1"]
[Round "1"]
1.d4 Ng8f6
2.e3 g6
3.c3 Bf8g7
4.Ng1f3 O-O
5.Bf1e2 d6
6.b3 Nb8d7
7.Bc1b2 Rf8e8
8.O-O e5
9.dxe5 dxe5
10.Nb1a3 a6
11.Na3c2 c5
12.h3 e4
13.Nf3h2 Qd8c7
14.Nh2g4 Nf6xg4
15.Be2xg4 f5
16.Bg4e2 Nd7e5
17.Nc2a3 Bc8e6
18.Qd1c2 Ra8d8
19.Ra1d1 Rd8xd1
20.Rf1xd1 Re8d8
21.Rd1xd8 Qc7xd8
22.c4 Qd8a5
23.Qc2c1 Ne5d3
24.Be2xd3 exd3
25.Bb2xg7 d2
26.Qc1c2 Qa5xa3
27.Qc2xd2 Kxg7
28.Qd2c3 Kg8
29.Qc3d2 Qa3b4
30.Qd2d8 Kf7
31.Qd8c7 Kf6
32.Qc7d8 Ke5
33.Qd8c7 Ke4
34.Qc7f4 Kd3
35.Qf4d6 Ke2
36.Qd6xe6 Qb4e1
37.Kh2 Kxf2
{ resign }
0-1

[Event "Tourn. n10087"]
[Site "www.echecsemail.com"]
[Date "2019.03.12"]
[Round "1"]
[White "Fantomas"]
[Black "Mitja"]
[WhiteElo "2240"]
[BlackElo "2090"]
[Result "1-0"]
[Round "1"]
1.e4 d5
2.exd5 Qd8xd5
3.Nb1c3 Qd5d8
4.Bf1e2 e6
5.a3 c6
6.Ng1f3 h6
7.O-O b6
8.d4 Bc8b7
9.Bc1f4 Ng8f6
10.h3 Nb8a6
11.Rf1e1 Bf8e7
12.Be2d3 Na6c7
13.Nc3e4 Nc7d5
14.Bf4d2 Nf6xe4
15.Bd3xe4 Nd5f6
16.Be4d3 c5
17.dxc5 Be7xc5
18.Bd3b5 Kf8
19.Qd1e2 a6
20.Bb5d3 b5
21.Bd2c3 Ke7
22.Ra1d1 Qd8c7
23.Bc3e5 Bc5d6
24.Be5xd6 Qc7xd6
25.Bd3e4 Qd6c7
26.Be4xb7 Qc7xb7
27.Rd1d3 Rh8d8
28.Re1d1 Rd8xd3
29.Qe2xd3 Qb7c7
30.c3 Ra8d8
31.Qd3xd8 Qc7xd8
32.Rd1xd8 Kxd8
33.Nf3e5 Ke7
34.f3 Nf6d7
35.Ne5d3 f6
36.Kf2 Kd6
37.Ke3 Nd7c5
38.Nd3xc5 Kxc5
39.b3 g5
40.Ke4 a5
41.g4 Kd6
42.Kd4 e5
43.Kd3 Kd5
44.Ke3 Kc5
45.Ke4 a4
46.bxa4 bxa4
47.Kd3 Kd5
48.c4 Kc5
49.Kc3 { resign }
1-0

[Event "Match"]
[Site "www.echecsemail.com"]
[Date "2019.03.12"]
[Round "1"]
[White "Tbsundar"]
[Black "Guidom"]
[WhiteElo "2080"]
[BlackElo "2160"]
[Result "1/2-1/2"]
[Round "1"]
1.d4 d5
2.Ng1f3 c6
3.e3 Bc8f5
4.Nb1c3 e6
5.Bf1d3 Bf5g6
6.a3 Ng8f6
7.O-O Bf8d6
8.b4 Nb8d7
9.Bc1b2 O-O
10.Bd3xg6 hxg6
11.Nf3g5 e5
12.f4 e4
13.Qd1e1 Nf6h5
14.Qe1h4 Bd6e7
15.g4 Nh5f6
16.Nc3d1 b6
17.Nd1f2 Rf8e8
18.Nf2h3 Nd7f8
19.Ra1c1 Nf6h7
20.c4 Nh7xg5
21.Nh3xg5 f6
22.Ng5h3 f5
23.g5 Kf7
24.cxd5 Qd8xd5
25.Rf1f2 Ra8c8
26.Rf2c2 Rc8c7
27.Qh4e1 Re8c8
28.Nh3f2 Nf8e6
29.Nf2d1 b5
30.Nd1c3 Qd5d7
31.Qe1h4 a6
32.Qh4h7 Ne6f8
33.Qh7h3 Qd7e6
34.Nc3d1 Qe6d5
35.Nd1c3 Qd5e6
36.Qh3f1 Qe6b3
37.h4 Nf8e6
38.h5 gxh5
39.g6 Kxg6
40.Qf1h3 h4
41.Nc3xe4 fxe4
42.f5 Kh7
43.fxe6 Qb3d5
44.Rc2c5 Be7xc5
45.Rc1xc5 Qd5a2
46.Qh3f5 g6
47.Qf5f2 Qa2xe6
48.Qf2xh4 Kg8
49.d5 cxd5
50.Rc5xc7 Rc8xc7
51.Qh4d8 Kf7
52.Qd8xc7 { draw }
1/2-1/2

[Event "Tourn. n10051"]
[Site "www.echecsemail.com"]
[Date "2019.03.13"]
[Round "1"]
[White "Jazzy"]
[Black "Cemaah"]
[WhiteElo "2210"]
[BlackElo "2400"]
[Result "1-0"]
[Round "1"]
1.Ng1f3 e6
2.d4 Ng8f6
3.c4 b6
4.Bc1f4 Bf8b4
5.Nb1c3 O-O
6.Bf4d2 Bc8b7
7.e3 Rf8e8
8.Bf1d3 d5
9.cxd5 exd5
10.O-O Bb4d6
11.Nc3b5 c5
12.Nb5xd6 Qd8xd6
13.Bd2c3 Nb8d7
14.b3 Nf6e4
15.Bc3b2 Ra8d8
16.Qd1e2 Nd7f6
17.Nf3e5 cxd4
18.exd4 Ne4g5
19.a4 Ng5e6
20.Qe2e3 h6
{ time. }
1-0

[Event "Match"]
[Site "www.echecsemail.com"]
[Date "2019.03.13"]
[Round "1"]
[White "Myny2005"]
[Black "Guidom"]
[WhiteElo "1809"]
[BlackElo "2140"]
[Result "1-0"]
[Round "1"]
1.e4 e5
2.Ng1f3 Nb8c6
3.Bf1b5 a6
4.Bb5a4 Ng8f6
5.O-O d6
6.Rf1e1 Bc8d7
7.c3 Bf8e7
8.d4 b5
9.Ba4b3 O-O
10.h3 a5
11.Nb1a3 b4
12.Na3c4 bxc3
13.dxe5 dxe5
14.bxc3 a4
15.Bb3c2 Bd7e6
16.Nf3xe5 Nc6xe5
17.Nc4xe5 Be7d6
18.Ne5f3 Bd6c5
19.Nf3d4 Bc5xd4
20.cxd4 Be6c4
21.Bc1g5 h6
22.Bg5h4 g5
23.Bh4g3 Rf8e8
24.d5 Qd8d7
25.Qd1d4 Nf6xd5
26.Qd4xc4 Nd5b6
27.Qc4b4 Ra8c8
28.e5 Qd7e6
29.Qb4e4 c5
30.Qe4h7 Kf8
31.Bc2f5 Qe6c6
32.e6 { resign }
1-0

[Event "Tourn. n10080"]
[Site "www.echecsemail.com"]
[Date "2019.03.13"]
[Round "1"]
[White "Francesco"]
[Black "Bojan"]
[WhiteElo "2080"]
[BlackElo "2020"]
[Result "1/2-1/2"]
[Round "1"]
1.e4 e5
2.Ng1f3 d6
3.d4 exd4
4.Nf3xd4 Bc8d7
5.Nb1c3 Nb8c6
6.Bc1e3 g6
7.Bf1c4 Nc6a5
8.Bc4e2 Bf8g7
9.O-O h6
10.Qd1d2 Ng8e7
11.Rf1d1 Na5c6
12.a3 Nc6e5
13.Nc3d5 a6
14.c4 Ne7c6
15.f4 Ne5g4
16.Nd4xc6 bxc6
17.Nd5c3 Ng4xe3
18.Qd2xe3 c5
19.Ra1b1 O-O
20.Qe3g3 Rf8e8
21.h3 Bg7d4
22.Kh1 Qd8f6
23.Nc3d5 Qf6d8
24.Nd5c3 Qd8f6
25.Nc3d5 Qf6d8
26.Nd5c3 c6
27.Qg3d3 Qd8f6
28.Rd1f1 Qf6g7

1/2-1/2

[Event "Tourn. n10065"]
[Site "www.echecsemail.com"]
[Date "2019.03.13"]
[Round "1"]
[White "Apdash"]
[Black "Bojan"]
[WhiteElo "2230"]
[BlackElo "2020"]
[Result "1-0"]
[Round "1"]
1.e4 d6
2.Bf1c4 c6
3.Ng1f3 h6
4.h3 Qd8b6
5.O-O Nb8d7
6.d4 d5
7.exd5 cxd5
8.Bc4xd5 Ng8f6
9.Bd5b3 e6
10.c4 Bf8e7
11.d5 Nd7c5
12.Bc1e3 Qb6c7
13.Bb3c2 Bc8d7
14.Nb1c3 a6
15.b4 exd5
16.bxc5 dxc4
17.Qd1d4 Bd7e6
18.Bc2a4 Nf6d7
19.Rf1d1 Be7f6
20.Qd4d2 Ra8d8
21.Nc3e4 Bf6xa1
22.Ne4d6 Ke7
23.Ba4xd7 Rd8xd7
24.Rd1xa1 b6
25.Qd2c3 f6
26.Be3f4 Qc7xc5
27.Nd6e4 Qc5f5
28.Qc3b4 Kd8
29.Qb4xb6 Ke7
30.Ne4c5 Qf5xf4
31.Qb6xe6 { resign }
1-0

[Event "Match"]
[Site "www.echecsemail.com"]
[Date "2019.03.13"]
[Round "1"]
[White "Ssharp"]
[Black "Bojan"]
[WhiteElo "2300"]
[BlackElo "1930"]
[Result "1-0"]
[Round "1"]
1.e4 b6
2.d4 d5
3.e5 Bc8f5
4.c4 e6
5.Nb1c3 Bf8b4
6.Bc1d2 Ng8e7
7.Ng1f3 Qd8d7
8.Ra1c1 a6
9.cxd5 Ne7xd5
10.a3 Nd5xc3
11.Bd2xc3 Bb4xc3
12.Rc1xc3 c6
13.b4 Qd7d5
14.Bf1c4 Qd5d7
15.h3 b5
16.Bc4d3 O-O
17.Bd3xf5 exf5
18.O-O Ra8a7
19.Qd1c2 h6
20.Rf1d1 Qd7e6
21.Nf3h4 g6
22.Rc3g3 Kh7
23.f4 Rf8d8
24.Nh4f3 a5
25.Qc2c5 Rd8d7
26.h4 Nb8a6
27.Qc5f8 Qe6e7
28.Qf8xe7 Rd7xe7
29.Nf3e1 axb4
30.Ne1c2 bxa3
31.Rg3xa3 Na6b8
32.Rd1a1 Ra7b7
33.Kf2 Re7c7
34.Ke3 Nb8d7
35.Kd3 Nd7b6
36.Nc2e3 Rc7d7
37.Ra1c1 Nb6d5
38.g3 Nd5e7
39.Ra3a6 Rd7c7
40.Rc1c5 Kg7
41.Ra6a1 Kf8
42.Ra1c1 Ke8
43.d5 Rc7c8
44.d6 Rc8d8
45.Kc2 Ne7d5
46.Ne3xd5 cxd5
47.Rc5xd5 Kd7
48.Kb3 Ke6
49.Rd5c5 b4
50.Rc5c7 Rd8d7
51.Rc7xd7 Kxd7
52.Rc1c4 Ke6
53.Rc4xb4 Rb7d7
54.Rb4b5 f6
55.Kb4 fxe5
56.fxe5 g5
57.hxg5 hxg5
58.Ka5 f4
59.gxf4 gxf4
60.Kb6 f3
61.Kc6 f2
62.Rb5b1 Rd7f7
63.Rb1f1 Rf7f3
64.Kc7 Rf3c3
65.Kd8 Rc3a3
66.Rf1xf2 Kxe5
67.d7 Kd6
68.Rf2f6 Kc5
69.Ke7 { resign }
1-0

[Event "Tourn. n10046"]
[Site "www.echecsemail.com"]
[Date "2019.03.13"]
[Round "1"]
[White "Ssharp"]
[Black "Seger"]
[WhiteElo "2300"]
[BlackElo "2770"]
[Result "0-1"]
[Round "1"]
1.e4 c5
2.c3 Ng8f6
3.e5 Nf6d5
4.d4 cxd4
5.Ng1f3 Nb8c6
6.Bf1c4 Nd5b6
7.Bc4b3 d5
8.exd6 Qd8xd6
9.O-O Bc8e6
10.Bb3xe6 Qd6xe6
11.Nf3xd4 Nc6xd4
12.Qd1xd4 Ra8d8
13.Qd4b4 Qe6c6
14.Nb1a3 e6
15.Qb4b5 Bf8xa3
16.Qb5xc6 bxc6
17.bxa3 O-O
18.Bc1e3 Rd8d3
19.Ra1c1 Rf8d8
20.Be3xb6 axb6
21.a4 h5
22.h3 Rd8a8
23.Rc1b1 Ra8xa4
24.Rb1xb6 Rd3xc3
25.Rb6b8 Kh7
26.Rb8b2 g5
27.f3 Kg6
28.Kf2 c5
29.g4 h4
30.Ke2 Ra4a3
{ resign }
0-1

[Event "Tourn. n10074"]
[Site "www.echecsemail.com"]
[Date "2019.03.13"]
[Round "1"]
[White "Fantomas"]
[Black "Pdebonis"]
[WhiteElo "2210"]
[BlackElo "2700"]
[Result "0-1"]
[Round "1"]
1.e4 c5
2.Ng1f3 d6
3.d4 cxd4
4.Nf3xd4 Ng8f6
5.Nb1c3 a6
6.Bc1g5 e6
7.Bf1d3 Bf8e7
8.Bg5d2 O-O
9.h3 b5
10.a3 Bc8b7
11.Qd1e2 Nb8d7
12.O-O Ra8c8
13.Ra1d1 Nd7e5
14.Bd2e3 d5
15.exd5 Nf6xd5
16.Nc3xd5 Qd8xd5
17.f3 Qd5a2
18.Rd1b1 Rf8d8
19.Bd3e4 Bb7xe4
20.fxe4 Ne5c4
21.Be3f2 Be7f6
22.c3 e5
23.Nd4f3 Bf6e7
24.Rf1e1 Rd8d7
25.Kf1 Rc8d8
26.Bf2e3 Rd7d3
{ resign }
0-1

[Event "Match"]
[Site "www.echecsemail.com"]
[Date "2019.03.13"]
[Round "1"]
[White "Calponas"]
[Black "Yudoka"]
[WhiteElo "2070"]
[BlackElo "1809"]
[Result "1-0"]
[Round "1"]
1.e4 d5
2.exd5 Qd8xd5
3.Nb1c3 Qd5a5
4.d4 c6
5.Bf1c4 Ng8f6
6.Bc1d2 Bc8f5
7.Ng1f3 e6
8.Nf3e5 Nb8d7
9.Nc3e4 Bf8b4
10.Ne4d6 { resign }
1-0

[Event "Tourn. n10090"]
[Site "www.echecsemail.com"]
[Date "2019.03.13"]
[Round "1"]
[White "Esperanza"]
[Black "Hansen"]
[WhiteElo "1710"]
[BlackElo "1710"]
[Result "1-0"]
[Round "1"]
1.e4 c6
2.d4 e6
3.Ng1f3 h6
4.Bf1d3 g5
5.O-O g4
6.Nf3e1 h5
7.f4 b5
8.f5 e5
9.dxe5 f6
10.exf6 Qd8xf6
11.Nb1c3 Bf8c5
12.Kh1 g3
13.Ne1f3 Bc5d4
14.e5 Qf6g7
15.Nf3xd4 h4
16.f6 Qg7f7
17.e6 dxe6
18.Nc3e4 Kd7
19.Nd4xe6 Kxe6
20.Ne4g5 Kd7
21.Ng5xf7 { resign }
1-0

[Event "Tourn. n10054"]
[Site "www.echecsemail.com"]
[Date "2019.03.13"]
[Round "1"]
[White "Passaroa25"]
[Black "Iko"]
[WhiteElo "1780"]
[BlackElo "1760"]
[Result "1-0"]
[Round "1"]
1.Nb1c3 e5
2.Ng1f3 Nb8c6
3.e4 Ng8f6
4.d3 Bf8b4
5.Bf1e2 O-O
6.Bc1d2 Bb4xc3
7.Bd2xc3 d5
8.Nf3xe5 Qd8d6
9.Qd1d2 Rf8d8
10.f3 d4
11.Ne5xc6 Qd6xc6
12.Bc3b4 Nf6h5
13.Bb4e7 Rd8d7
14.Be7a3 Qc6b6
15.O-O c5
16.b3 Qb6g6
17.g4 Nh5f6
18.Ba3xc5 b6
19.Bc5a3 Rd7c7
20.Ra1c1 Bc8a6
21.c4 dxc3
22.Rc1xc3 Ra8c8
23.Rf1c1 b5
24.Rc3xc7 Rc8d8
25.Rc7xa7 Ba6c8
26.Ra7a8 Rd8e8
27.Ra8xc8 Nf6d7
28.Rc8xe8 Nd7f8
29.Qd2b4 f6
30.Qb4xf8 
1-0

[Event "Tourn. n10043"]
[Site "www.echecsemail.com"]
[Date "2019.03.13"]
[Round "1"]
[White "Rons"]
[Black "Conde7"]
[WhiteElo "2690"]
[BlackElo "2790"]
[Result "0-1"]
[Round "1"]
1.e4 e5
2.Ng1f3 Nb8c6
3.Bf1b5 a6
4.Bb5a4 Ng8f6
5.O-O b5
6.Ba4b3 Bc8b7
7.d3 Bf8e7
8.a4 O-O
9.Rf1e1 d6
10.Nb1d2 Nc6a5
11.Bb3a2 c5
12.Nd2f1 bxa4
13.Nf1e3 Bb7c8
14.Ba2d5 Nf6xd5
15.Ne3xd5 Bc8d7
16.Bc1d2 Na5c6
17.c3 Ra8b8
18.Ra1xa4 a5
19.Bd2c1 Bd7e6
20.Ra4a2 Qd8d7
21.Qd1a4 Be7d8
22.Nf3d2 f5
23.f3 g5
24.b3 h5
25.Nd2c4 f4
26.Re1d1 Rf8f7
27.Rd1e1 Rf7g7
28.Re1f1 g4
29.fxg4 Be6xg4
30.Kh1 Bd8h4
31.Nd5b6 Qd7b7
32.Nb6d5 Rb8f8
33.Ra2b2 f3
34.g3 Bg4h3
35.Rf1f2 Bh4xg3
36.hxg3 Rg7xg3
37.Bc1h6 Qb7c8
38.Nc4e3 Rf8f7
39.Ne3f5 Bh3xf5
40.exf5 Qc8xf5
41.Nd5e3 Qf5g6
42.Qa4h4 Rg3g1
43.Kh2 Kh8
44.Rb2a2 d5
45.Qh4h3 e4
46.dxe4 Nc6e5
47.Ra2d2 Kh7
48.Qh3h4 Rg1g4
49.Ne3xg4 Ne5xg4
{ resign }
0-1

[Event "Match"]
[Site "www.echecsemail.com"]
[Date "2019.03.13"]
[Round "1"]
[White "Zack1984"]
[Black "Hundegana"]
[WhiteElo "2310"]
[BlackElo "2040"]
[Result "0-1"]
[Round "1"]
1.f3 e5
2.Kf2 Ng8f6
3.c4 Bf8c5
4.e3 e4
5.Nb1c3 exf3
6.Ng1xf3 d6
7.d4 Bc5b4
8.Qd1a4 Nb8c6
9.d5 Bb4xc3
10.dxc6 b6
11.bxc3 Nf6e4
12.Kg1 O-O
13.Bf1d3 Ne4c5
14.Qa4c2 g6
15.h4 Nc5xd3
16.Qc2xd3 Qd8f6
17.e4 h6
18.Bc1xh6 Rf8e8
19.h5 Bc8g4
 { time }
0-1

[Event "Tourn. n10051"]
[Site "www.echecsemail.com"]
[Date "2019.03.14"]
[Round "1"]
[White "Szustan"]
[Black "Fegatux"]
[WhiteElo "2530"]
[BlackElo "2220"]
[Result "1-0"]
[Round "1"]
1.e4 d6
2.d4 Ng8f6
3.Nb1c3 c6
4.f4 Qd8a5
5.Bf1d3 e5
6.Ng1f3 exd4
7.Nf3xd4 g6
8.O-O Bf8g7
9.Kh1 O-O
10.f5 Nb8d7
11.Qd1e1 Rf8e8
12.Qe1h4 Nd7e5
13.Nd4f3 Nf6g4
14.Nf3xe5 Ng4xe5
15.Bc1h6 Bg7h8
16.Ra1d1 Qa5d8
17.Bh6g5 f6
18.fxg6 Ne5xg6
19.Bd3c4 Bc8e6
20.Bc4xe6 Re8xe6
21.Qh4h3 Qd8e7
22.Bg5d2 b5
23.Nc3e2 Re6xe4
24.Ne2g3 Re4h4
25.Ng3f5 Rh4xh3
26.Nf5xe7 Ng6xe7
27.gxh3 Ne7d5
28.Rd1c1 Nd5b6
29.Rf1f4 Kf7
30.Rf4h4 h6
31.Rh4xh6 Bh8g7
32.Rh6h7 Kg6
33.Rh7h4 Ra8h8
34.Rc1g1 Kf7
35.Rh4xh8 Bg7xh8
36.b3 c5
37.Bd2f4 d5
38.Bf4d6 c4
39.Bd6c5 Nb6c8
40.h4 a5
41.bxc4 dxc4
42.Rg1d1 { resign }
1-0

[Event "Tourn. n10052"]
[Site "www.echecsemail.com"]
[Date "2019.03.14"]
[Round "1"]
[White "Cal"]
[Black "Souricette64"]
[WhiteElo "1870"]
[BlackElo "1799"]
[Result "0-1"]
[Round "1"]
1.c4 Ng8f6
2.Nb1c3 g6
3.e4 d6
4.h3 Bf8g7
5.d3 c5
6.a3 Nb8c6
7.Ng1f3 O-O
8.Bc1f4 a6
9.Bf1e2 Ra8b8
10.O-O b5
11.b3 Nf6h5
12.Nf3h2 Nh5xf4
13.Ra1c1 Nf4xe2
14.Nc3xe2 Bg7b2
15.Rc1c2 Bb2xa3
16.f4 Nc6d4
17.Ne2xd4 cxd4
18.cxb5 axb5
19.Nh2f3 Ba3c5
20.Nf3g5 e5
21.h4 h6
22.Ng5f3 Qd8e7
23.Kh2 Bc8g4
24.Qd1e2 Bg4xf3
25.Rf1xf3 Qe7xh4
26.Rf3h3 Qh4xf4
27.g3 Qf4e3
28.Qe2f1 Kg7
29.b4 Bc5b6
30.Rc2c6 Rf8c8
31.Qf1f6 Kxf6
32.Rc6xd6 Ke7
33.Rd6d5 Rc8c2
34.Kh1 Qe3c1
{ resign }
0-1

[Event "Tourn. n10056"]
[Site "www.echecsemail.com"]
[Date "2019.03.14"]
[Round "1"]
[White "Andychesston"]
[Black "Alcon"]
[WhiteElo "1970"]
[BlackElo "1920"]
[Result "1-0"]
[Round "1"]
1.e4 c5
2.Ng1f3 d6
3.d4 cxd4
4.Nf3xd4 Ng8f6
5.Nb1c3 g6
6.Bf1b5 Nb8d7
7.Bc1f4 Bf8g7
8.e5 dxe5
9.Bf4xe5 O-O
10.Be5g3 a6
11.Bb5c4 b5
12.Nd4c6 Qd8b6
13.Nc6xe7 Kh8
14.Bc4d5 Bc8b7
15.O-O b4
16.Nc3a4 Qb6b5
17.c4 bxc3
18.Na4xc3 Qb5xb2
19.Bd5xb7 Qb2xb7
20.Ra1b1 Qb7a7
21.Bg3d6  { time }
1-0

[Event "Tourn. n10064"]
[Site "www.echecsemail.com"]
[Date "2019.03.14"]
[Round "1"]
[White "Bojan"]
[Black "Picifarkinca"]
[WhiteElo "2020"]
[BlackElo "2050"]
[Result "0-1"]
[Round "1"]
1.e4 e5
2.b3 d5
3.exd5 Qd8xd5
4.Bc1b2 Nb8c6
5.Nb1c3 Qd5d8
6.h3 Ng8f6
7.Ng1f3 Bf8e7
8.Bf1b5 Nf6d7
9.Nc3d5 O-O
10.Qd1e2 Be7d6
11.Nf3h2 e4
12.Qe2h5 Bd6e5
13.c3 g6
14.Qh5h6 Nd7c5
15.O-O-O Qd8xd5
16.Bb5c4 Nc5d3
17.Kc2 Qd5d6
18.Nh2g4 Be5g7
19.Qh6e3 Nd3xb2
20.Kxb2 h5
21.Ng4h2 a5
22.Qe3xe4 Bc8f5
23.Qe4e1 a4
24.Bc4xf7 Kxf7
25.Rd1a1 Qd6d3
26.Ra1c1 Nc6b4
27.a3 axb3
28.Kxb3 Nb4c2
29.Qe1d1 Qd3b5
30.Ka2 Ra8xa3

0-1

[Event "Tourn. n9990"]
[Site "www.echecsemail.com"]
[Date "2019.03.14"]
[Round "1"]
[White "Raicolin"]
[Black "Szustan"]
[WhiteElo "2459"]
[BlackElo "2600"]
[Result "0-1"]
[Round "1"]
1.c4 e5
2.Nb1c3 Ng8f6
3.Ng1f3 Nb8c6
4.d4 exd4
5.Nf3xd4 Bf8b4
6.Bc1g5 h6
7.Bg5h4 Bb4xc3
8.bxc3 Nc6e5
9.f4 Ne5g6
10.Bh4xf6 Qd8xf6
11.g3 Ng6f8
12.Bf1g2 Nf8e6
13.O-O O-O
14.Ra1b1 Ne6c5
15.Qd1d2 Rf8e8
16.Rf1e1 d6
17.e4 Bc8d7
18.Re1e3 Bd7e6
19.Qd2e2 Ra8b8
20.Nd4b5 Qf6e7
21.Rb1d1 Rb8d8
22.Rd1e1 a6
23.Nb5d4 Be6c8
24.Qe2f3 Qe7d7
25.Qf3d1 Qd7a4
26.Qd1e2 Nc5d7
27.Bg2f1 Nd7f6
28.h3 Nf6h7
29.Kh2 Nh7f8
30.Qe2b2 Nf8d7
31.Qb2b3 Qa4a5
32.Bf1g2 g6
33.Qb3c2 Nd7b6
34.Qc2b3 Qa5c5
35.Bg2f1 Bc8e6
36.Nd4xe6 Re8xe6
37.Qb3b4 Qc5c6
38.Bf1d3 Rd8e8
39.h4 h5
40.a3 Kg7
41.Re3e2 Nb6d7
42.Qb4b1 Nd7c5
43.Qb1c2 b6
44.Kg1 Nc5d7
45.Kh2 Nd7f6
46.Qc2b1 Nf6g4
47.Kh3 Qc6c5
48.Qb1b2 f5
49.Kg2 Qc5c6
50.Qb2c2 Ng4f6
51.Kf3 fxe4
52.Bd3xe4 Nf6xe4
 { time }
0-1

[Event "Match"]
[Site "www.echecsemail.com"]
[Date "2019.03.14"]
[Round "1"]
[White "Geodad5"]
[Black "Storzman"]
[WhiteElo "2130"]
[BlackElo "2120"]
[Result "0-1"]
[Round "1"]
1.e4 e6
2.d4 d5
3.e5 c5
4.c3 Nb8c6
5.Ng1f3 Bc8d7
6.Bf1e2 f6
7.O-O fxe5
8.dxe5 Qd8c7
9.Bc1f4 Ng8e7
10.Rf1e1 O-O-O
11.Be2d3 h6
12.Nb1a3 g5
13.Bf4g3 a6
14.Qd1e2 Bd7e8
15.Ra1b1 Be8g6
16.b4 Bg6xd3
17.Qe2xd3 c4
18.Qd3d1 b5
19.Na3c2 Ne7f5
20.Nc2d4 Nc6xd4
21.cxd4 Bf8e7
22.a4 Kd7
23.Re1e2 Rd8b8
24.Re2a2 a5
25.axb5 Be7xb4
26.h3 Nf5xg3
27.fxg3 Rb8xb5
28.g4 Rh8b8
29.Qd1c2 Bb4e7
30.Rb1xb5 Rb8xb5
31.Kf2 Rb5b3
32.g3 Qc7a7
33.h4 a4
34.Kg2 a3
35.h5 Qa7b8
36.Nf3d2 Rb3b2
37.Ra2xb2 axb2
38.Nd2b1 Qb8b3
39.Qc2xb3 cxb3
40.Kf2 Kc6
41.Ke2 Kb5
42.Kd3 Be7b4
43.Ke2 Kc4
44.Ke3 Bb4c3
{ resign }
0-1